Carregando...

Capital budgeting decision: economic analysis and financing

Detalhes bibliográficos
Autor principal: Bierman Jr., Harold
Outros Autores: Smidt, Seymour
Formato: Printed Book
Publicado em: New York Macmillan Publishing Co.,Inc. 1975
Edição:4
Assuntos:
LEADER 00753nam a22002177a 4500
003 OSt
020 |a 0029784107 
082 |a 658.152  |b BIE/CA 
100 |a Bierman Jr., Harold 
245 |a Capital budgeting decision:  |b economic analysis and financing 
250 |a 4 
260 |a New York  |b Macmillan Publishing Co.,Inc.  |c 1975 
300 |a 463p. 
546 |a English 
650 |a Capital Budgeting 
650 |a Classifying investment 
650 |a Income taxes and investment decisions 
700 |a Smidt, Seymour 
942 |2 ddc  |c BK 
999 |c 163154  |d 163154 
952 |0 0  |1 0  |2 ddc  |4 0  |6 658_152000000000000_BIECA  |7 0  |8 Gen  |9 162319  |a KAUCLV  |b KAUCLV  |c GENERAL  |d 2019-01-01  |o 658.152 BIE/CA  |p 906681  |r 2019-01-01  |y BK  |z Book transferred from CoH Library, Acc.No: 15040